Analýza konvergencie slovenskej ekonomiky 1. časť

Bibliographic Details
Main Author: Lalinský, Tibor, 1976- (Author)
Format: Article
Language:Slovak
PhysicalDescription:Grafy, tab.
ISSN:1335-0900
Subjects:

MARC

LEADER 00000nab a2200000 a 4500
001 vtls009343053
003 SK-MaSNL
005 20260426085601.0
008 250507c2008 xo mr|p|||||||000 b|slo
015 |a SNBRB2008/10  |2 snkbucl 
035 |a (uuid)40718224-4bc2-411b-a4a7-37c1adc17063 
035 |a urn:nbn:sk:snk-ab252v 
035 |a (urnnbn)urn:nbn:sk:snk:ar-a01o6b 
038 |a SNKBUCL 
040 |a SNKBUCL  |b slo  |c SNKBUCL  |e AACR2 
041 0 |a slo 
044 |a xo  |c SK 
080 |a 338.2:339.738(4)  |x (437.6)  |2 2001 
080 |a 339.738(4:437.6)  |2 2001 
100 1 |a Lalinský, Tibor,  |d 1976-  |4 aut  |9 179271 
245 1 0 |a Analýza konvergencie slovenskej ekonomiky  |n 1. časť  |c Tibor Lalinský 
300 |b Grafy, tab. 
500 |a Pozn. za čiarou ; pokračovanie v č. 10/2008 
504 |a Bibliogr. odkazy 
610 2 7 |a Európska únia  |2 SNKKA  |9 29861 
650 0 7 |a eurozóna  |2 snkbucl  |9 13394 
650 0 7 |a ekonomika  |2 snkbucl  |9 789 
650 0 7 |a konvergencia  |2 snkbucl  |9 823524 
651 7 |a Slovensko  |2 snkbucl  |9 14231 
740 0 2 |a Dlhodobý vývoj inflácie po zavedení eura 
773 0 |t Biatec  |g Roč. 16, č. 9 (2008), s. 2-10  |x 1335-0900 
850 |a Slovenská národná knižnica 
852 |a Slovenská národná knižnica 
954 |a odborná, vedecká literatúra pôvodná (slovenská)  |2 lita 
958 |a article2022 
958 |a NB 
958 |a SK 
958 |a OND 
958 |a EUIPO 
999 |c 2967781  |d 2969711